University Home | Library Home | Institutional Repository

Chinese for primary School Students: (Record no. 216425)

MARC details
000 -LEADER
fixed length control field 00687nam a22002177a 4500
005 - DATE AND TIME OF LATEST TRANSACTION
control field 20260311144843.0
008 - FIXED-LENGTH DATA ELEMENTS--GENERAL INFORMATION
fixed length control field 260311b ||||| |||| 00| 0 eng d
020 ## - INTERNATIONAL STANDARD BOOK NUMBER
International Standard Book Number 9787802004108 (paperback)
040 ## - CATALOGING SOURCE
Original cataloging agency LC
Transcribing agency UNZA
Description conventions RDA
050 ## - LIBRARY OF CONGRESS CALL NUMBER
Classification number PL1129 ZHA
Item number 2009
245 ## - TITLE STATEMENT
Title Chinese for primary School Students:
Remainder of title TextBook Volume 5/
Statement of responsibility, etc. Edited By Zhang Xiaomei
250 ## - EDITION STATEMENT
Edition statement First Edition
Remainder of edition statement Chi.Eng
260 ## - PUBLICATION, DISTRIBUTION, ETC.
Place of publication, distribution, etc. Beijing :
Name of publisher, distributor, etc. Chinese Teaching Press,
Date of publication, distribution, etc. 2009
300 ## - PHYSICAL DESCRIPTION
Extent 93 pages :
Other physical details illustrations;
Dimensions 29 cm.
336 ## - CONTENT TYPE
CONTENT TYPE Text
337 ## - MEDIA TYPE
MEDIA TYPE Unmediated
338 ## - CARRIER TYPE
CARRIER TYPE Volume
440 ## - SERIES STATEMENT/ADDED ENTRY--TITLE
Title International New Concept Chinese Multimedia Series
700 ## - ADDED ENTRY--PERSONAL NAME
Personal name Zhang Xiaomei
Relator term Editor
999 ## -
-- 216425
-- 216425
942 ## - ADDED ENTRY ELEMENTS (KOHA)
Koha item type Book
Holdings
Withdrawn status Lost status Source of classification or shelving scheme Damaged status Not for loan Collection code Home library Current library Shelving location Date acquired Source of acquisition Cost, normal purchase price Total Checkouts Full call number Barcode Date last seen Copy number Cost, replacement price Price effective from Koha item type
    Library of Congress Classification     Non-fiction Confucius Library Confucius Library On Shelf 03/11/2026 donation 300.00   PL1129 ZHA 2009 33729001527188 03/11/2026 1 300.00 02/23/2026 Book
    Library of Congress Classification     Non-fiction Confucius Library Confucius Library On Shelf 03/24/2026 donation 300.00   PL1129 ZHA 2009 33729001527832 03/24/2026 2 300.00 02/23/2026 Book
    Library of Congress Classification     Non-fiction Confucius Library Confucius Library On Shelf 03/24/2026 donation 300.00   PL1129 ZHA 2009 33729001527774 03/24/2026 3 300.00 02/23/2026 Book
© 2026 - The University of Zambia Library - Koha v25.11